00538nam a2200169Ia 4500008004100000082001600041100002800057245004500085250000800130260003000138300001300168500002400181650001200205942000700217952012700224999001700351230524s9999 xx 000 0 und d a658.45bRAM aT.M.Ramachandran914448 0aPrinciples and Techniques of Programming a2ND aNEW DELHIbGalgotiac2002 aXIII;901 aQuantity Number: 1 aComp-Sc cBK 00104070aTATCLbTATCLcGENd2023-05-24l1o658.45 RAMp7785q2012-09-06r2024-01-25s2024-01-25w2023-05-24yBKzBE2105 c20434d20434